|
|
|
|
| LEADER |
00803nam a2200277 4500 |
| 001 |
DLU120143849 |
| 005 |
##20121116 |
| 040 |
# |
# |
|a DLU
|b vie
|
| 041 |
# |
# |
|a vie
|
| 044 |
# |
# |
|a vn
|
| 100 |
# |
# |
|a Chămthi Đươnxavăn.
|
| 245 |
# |
# |
|a Em là P Li /
|c Đươnxavăn, Chămthi, Nguyễn Thế Nghiệp dịch.
|
| 653 |
# |
# |
|a Sắc đẹp
|
| 653 |
# |
# |
|a Tài năng
|
| 653 |
# |
# |
|a Truyện ngắn
|
| 700 |
# |
# |
|a Nguyễn Thế Nghiệp,
|e Dịch.
|
| 773 |
# |
# |
|t Văn học nước ngoài
|g Số 1-2(85-86), 2010, tr. 129-136
|
| 920 |
# |
# |
|a Phòng Tạp chí -- Trung tâm Thông tin - Thư viện Trường Đại học Đà Lạt
|
| 994 |
# |
# |
|a DLU
|
| 900 |
# |
# |
|a True
|
| 911 |
# |
# |
|a Nguyễn Thị Linh Chi
|
| 925 |
# |
# |
|a G
|
| 926 |
# |
# |
|a A
|
| 927 |
# |
# |
|a BB
|
| 980 |
# |
# |
|a Thư viện Trường Đại học Đà Lạt
|